000
00269nam a2200097Ia 4500
001
690043
005
20250826161808.0
008
250824s9999 xx 000 0 und d
245
0
_a
THOMAS KUHN VE BİLİM SAVAŞLARI/Z.SERDAR/EVEREST
_c
ZİYAUDDİN SERDAR
260
_b
EVEREST
999
_c
690043
_d
690043